杨柳艺风 (Record no. 46681)

000 -LEADER
fixed length control field 00444nam a22001817a 4500
003 - CONTROL NUMBER IDENTIFIER
control field MPLRDC
005 - DATE AND TIME OF LATEST TRANSACTION
control field 20220104144130.0
008 - FIXED-LENGTH DATA ELEMENTS--GENERAL INFORMATION
fixed length control field 210129b ||||| |||| 00| 0 eng d
020 ## - INTERNATIONAL STANDARD BOOK NUMBER
International Standard Book Number 983-3209-03-3
082 ## - DEWEY DECIMAL CLASSIFICATION NUMBER
Classification number 945.32 YBY c.2
100 ## - MAIN ENTRY--PERSONAL NAME
Personal name 锺瑜博士主编
245 ## - TITLE STATEMENT
Title 杨柳艺风
Statement of responsibility, etc.
250 ## - EDITION STATEMENT
Edition statement 第一版
260 ## - PUBLICATION, DISTRIBUTION, ETC.
Place of publication, distribution, etc.
Name of publisher, distributor, etc. 锺正山美术馆
Date of publication, distribution, etc. 2006
300 ## - PHYSICAL DESCRIPTION
Other physical details
650 ## - SUBJECT ADDED ENTRY--TOPICAL TERM
Topical term or geographic name entry element 中国画册--题识
942 ## - ADDED ENTRY ELEMENTS (KOHA)
Koha item type Book
-- 945.32 YBY c.2
Holdings
Withdrawn status Lost status Source of classification or shelving scheme Damaged status Not for loan Collection code Home library Current library Shelving location Date acquired Cost, normal purchase price Total Checkouts Full call number Barcode Date last seen Date last checked out Price effective from Koha item type Public note
            Malaysian Public Library, Research and Development Centre Malaysian Public Library, Research and Development Centre   10/12/2007 0.00   945.32 YBY c.2 00046840 18/03/2021 20/06/2009 18/03/2021 Book mplrdc

© 2022. Malaysian Public Library, Research and Development Centre. All Right ReservedE-mailmplrdc@help.edu.my 

Powered by Koha